<?xml version="1.0" encoding="UTF-8"?><?xml-stylesheet type="text/xsl" href="static/style.xsl"?><OAI-PMH xmlns="http://www.openarchives.org/OAI/2.0/" xmlns:xsi="http://www.w3.org/2001/XMLSchema-instance" xsi:schemaLocation="http://www.openarchives.org/OAI/2.0/ http://www.openarchives.org/OAI/2.0/OAI-PMH.xsd"><responseDate>2026-06-01T13:39:19Z</responseDate><request verb="GetRecord" identifier="oai:riuma.uma.es:10630/5528" metadataPrefix="marc">https://riuma.uma.es/rest/oai/request</request><GetRecord><record><header><identifier>oai:riuma.uma.es:10630/5528</identifier><datestamp>2026-02-03T12:55:31Z</datestamp><setSpec>com_10630_4717</setSpec><setSpec>com_10630_3139</setSpec><setSpec>com_10630_10</setSpec><setSpec>col_10630_5501</setSpec></header><metadata><record xmlns="http://www.loc.gov/MARC21/slim" xmlns:dcterms="http://purl.org/dc/terms/" xmlns:doc="http://www.lyncode.com/xoai" xmlns:xsi="http://www.w3.org/2001/XMLSchema-instance" xsi:schemaLocation="http://www.loc.gov/MARC21/slim http://www.loc.gov/standards/marcxml/schema/MARC21slim.xsd">
   <leader>00925njm 22002777a 4500</leader>
   <datafield ind2=" " ind1=" " tag="042">
      <subfield code="a">dc</subfield>
   </datafield>
   <datafield ind2=" " ind1=" " tag="720">
      <subfield code="a">Sánchez González, Dolores del Mar</subfield>
      <subfield code="e">author</subfield>
   </datafield>
   <datafield ind2=" " ind1=" " tag="260">
      <subfield code="c">2013</subfield>
   </datafield>
   <datafield ind2=" " ind1=" " tag="520">
      <subfield code="a">Muchos son los estudios existentes referidos al protocolo y al ceremonial universitario&#xd;
español. Todos ellos parten del estudio del ceremonial tradicional en las universidades en un&#xd;
intento de aunar el protocolo común a todas ellas bajo el término “protocolo universitario”,&#xd;
pero no existe ningún estudio que analice comparativamente la regulación existente en cada&#xd;
una de ellas para poder generar un marco ideal que pueda conformar el protocolo de&#xd;
cualquier universidad en España, unificando la dispersión existente, para conformar un&#xd;
marco general, muy útil a efectos prácticos, que sirva de modelo de este tipo especial de&#xd;
relaciones públicas especializadas aplicada a un área concreta.</subfield>
   </datafield>
   <datafield ind1="8" ind2=" " tag="024">
      <subfield code="a">2174-3681</subfield>
   </datafield>
   <datafield ind1="8" ind2=" " tag="024">
      <subfield code="a">http://hdl.handle.net/10630/5528</subfield>
   </datafield>
   <datafield tag="653" ind2=" " ind1=" ">
      <subfield code="a">Universidades - España</subfield>
   </datafield>
   <datafield tag="653" ind2=" " ind1=" ">
      <subfield code="a">Ceremonial</subfield>
   </datafield>
   <datafield tag="653" ind2=" " ind1=" ">
      <subfield code="a">Relaciones públicas</subfield>
   </datafield>
   <datafield ind2="0" ind1="0" tag="245">
      <subfield code="a">Análisis comparativo de la normativa sobre protocolo de las universidades españolas</subfield>
   </datafield>
</record>
</metadata></record></GetRecord></OAI-PMH>